Climate Change adaptation and International Development. (Record no. 5317)
[ view plain ]
| 000 -LEADER | |
|---|---|
| fixed length control field | 00656nam a22001937a 4500 |
| 003 - CONTROL NUMBER IDENTIFIER | |
| control field | OSt |
| 005 - DATE AND TIME OF LATEST TRANSACTION | |
| control field | 20210927100631.0 |
| 008 - FIXED-LENGTH DATA ELEMENTS--GENERAL INFORMATION | |
| fixed length control field | 161007b xxu||||| |||| 00| 0 eng d |
| 020 ## - INTERNATIONAL STANDARD BOOK NUMBER | |
| International Standard Book Number | 9781849711531 |
| 040 ## - CATALOGING SOURCE | |
| Transcribing agency | DDC, |
| 082 ## - DEWEY DECIMAL CLASSIFICATION NUMBER | |
| Classification number | 551.6CL1 2011 |
| 100 ## - MAIN ENTRY--PERSONAL NAME | |
| Personal name | Fujikura,Ryo ; Kawanish,Masato; |
| 9 (RLIN) | 11155 |
| 245 ## - TITLE STATEMENT | |
| Title | Climate Change adaptation and International Development. |
| Remainder of title | Making Development Cooperation more Effective. |
| Statement of responsibility, etc. | Edited by Fujikura,Ryo ; Kawanish,Masato; |
| 260 ## - PUBLICATION, DISTRIBUTION, ETC. (IMPRINT) | |
| Place of publication, distribution, etc. | Washington; |
| Name of publisher, distributor, etc. | Earth scan, |
| Date of publication, distribution, etc. | 2011; |
| 300 ## - PHYSICAL DESCRIPTION | |
| Extent | xxiv,373p; |
| Other physical details | ill; |
| Dimensions | 24cm. |
| 504 ## - BIBLIOGRAPHY, ETC. NOTE | |
| Bibliography, etc | Includes; References and index. |
| 650 ## - SUBJECT ADDED ENTRY--TOPICAL TERM | |
| Topical term or geographic name as entry element | Climate changes |
| 9 (RLIN) | 11156 |
| 942 ## - ADDED ENTRY ELEMENTS (KOHA) | |
| Source of classification or shelving scheme | Dewey Decimal Classification |
| Koha item type | Open Shelf |
| Withdrawn status | Lost status | Source of classification or shelving scheme | Damaged status | Not for loan | Home library | Current library | Date acquired | Source of acquisition | Inventory number | Total Checkouts | Full call number | Barcode | Date last seen | Price effective from | Koha item type |
|---|---|---|---|---|---|---|---|---|---|---|---|---|---|---|---|
| Dewey Decimal Classification | MUST Main Library | MUST Main Library | 07/10/2016 | 11/34952 | 551.6CL1 2011 | 2016-4646 | 07/10/2016 | 07/10/2016 | Open Shelf | ||||||
| Dewey Decimal Classification | MUST Main Library | MUST Main Library | 27/09/2021 | Donation | 11/34953 | 551.6CL1 2011 | 2021-1250 | 27/09/2021 | 27/09/2021 | Open Shelf | |||||
| Dewey Decimal Classification | MUST Main Library | MUST Main Library | 27/09/2021 | Donation | 11/34954 | 551.6CL1 2011 | 2021-1251 | 27/09/2021 | 27/09/2021 | Open Shelf |
